<?xml version="1.0" encoding="UTF-8"?>
<collection xmlns="http://www.loc.gov/MARC21/slim">
 <record>
  <leader>01441nam a22002417a 4500</leader>
  <controlfield tag="001">NCT_53140</controlfield>
  <controlfield tag="008">181017b        xxu||||| |||| 00| 0 vie d</controlfield>
  <datafield tag="999" ind1=" " ind2=" ">
   <subfield code="c">2546</subfield>
   <subfield code="d">2546</subfield>
  </datafield>
  <datafield tag="020" ind1=" " ind2=" ">
   <subfield code="a">9786046482321</subfield>
   <subfield code="c">115000</subfield>
  </datafield>
  <datafield tag="082" ind1="0" ind2="4">
   <subfield code="2">23rd ed.</subfield>
   <subfield code="a">629.89</subfield>
   <subfield code="b">H100</subfield>
  </datafield>
  <datafield tag="100" ind1="1" ind2=" ">
   <subfield code="a">Trần Thu Hà</subfield>
  </datafield>
  <datafield tag="245" ind1="1" ind2="0">
   <subfield code="a">Vẽ, mô phỏng, lập trình vi điều khiển tự học proteus bằng hình ảnh</subfield>
   <subfield code="c">Trần Thu Hà, Phạm Quang Huy</subfield>
  </datafield>
  <datafield tag="260" ind1=" " ind2=" ">
   <subfield code="a">H.</subfield>
   <subfield code="b">Thanh niên</subfield>
   <subfield code="c">2017</subfield>
  </datafield>
  <datafield tag="300" ind1=" " ind2=" ">
   <subfield code="a">407 tr.</subfield>
   <subfield code="b">Hình vẽ, bảng</subfield>
   <subfield code="c">24cm</subfield>
  </datafield>
  <datafield tag="490" ind1=" " ind2=" ">
   <subfield code="a">Tủ sách STK</subfield>
  </datafield>
  <datafield tag="520" ind1="3" ind2=" ">
   <subfield code="a">Sách tình bày một số nội dung về Proteus, mô phỏng vi xử lý với Proteus, mô phỏng vi điều khiển PIC với Proteus và PIC CCS và Thiết kế mạch in và liên kết ARDUINO với Proteus. </subfield>
  </datafield>
  <datafield tag="653" ind1=" " ind2=" ">
   <subfield code="a">Công nghệ kỹ thuật ô tô</subfield>
  </datafield>
  <datafield tag="700" ind1="1" ind2=" ">
   <subfield code="a">Phạm Quang Huy</subfield>
  </datafield>
  <datafield tag="942" ind1=" " ind2=" ">
   <subfield code="2">ddc</subfield>
   <subfield code="c">BK</subfield>
  </datafield>
  <datafield tag="952" ind1=" " ind2=" ">
   <subfield code="0">0</subfield>
   <subfield code="1">0</subfield>
   <subfield code="2">ddc</subfield>
   <subfield code="4">0</subfield>
   <subfield code="6">629_890000000000000_H100</subfield>
   <subfield code="7">0</subfield>
   <subfield code="9">14526</subfield>
   <subfield code="a">000001</subfield>
   <subfield code="b">000001</subfield>
   <subfield code="d">2018-10-17</subfield>
   <subfield code="o">629.89 H100</subfield>
   <subfield code="p">MD.13656</subfield>
   <subfield code="r">2018-10-17</subfield>
   <subfield code="v">115000.00</subfield>
   <subfield code="w">2018-10-17</subfield>
   <subfield code="y">BK</subfield>
  </datafield>
  <datafield tag="952" ind1=" " ind2=" ">
   <subfield code="0">0</subfield>
   <subfield code="1">0</subfield>
   <subfield code="2">ddc</subfield>
   <subfield code="4">0</subfield>
   <subfield code="6">629_890000000000000_H100</subfield>
   <subfield code="7">0</subfield>
   <subfield code="9">14527</subfield>
   <subfield code="a">000001</subfield>
   <subfield code="b">000001</subfield>
   <subfield code="d">2018-10-17</subfield>
   <subfield code="o">629.89 H100</subfield>
   <subfield code="p">MD.13657</subfield>
   <subfield code="r">2018-10-17</subfield>
   <subfield code="v">115000.00</subfield>
   <subfield code="w">2018-10-17</subfield>
   <subfield code="y">BK</subfield>
  </datafield>
  <datafield tag="952" ind1=" " ind2=" ">
   <subfield code="0">0</subfield>
   <subfield code="1">0</subfield>
   <subfield code="2">ddc</subfield>
   <subfield code="4">0</subfield>
   <subfield code="6">629_890000000000000_H100</subfield>
   <subfield code="7">0</subfield>
   <subfield code="9">14528</subfield>
   <subfield code="a">000001</subfield>
   <subfield code="b">000001</subfield>
   <subfield code="d">2018-10-17</subfield>
   <subfield code="o">629.89 H100</subfield>
   <subfield code="p">MD.13658</subfield>
   <subfield code="r">2018-10-17</subfield>
   <subfield code="v">115000.00</subfield>
   <subfield code="w">2018-10-17</subfield>
   <subfield code="y">BK</subfield>
  </datafield>
  <datafield tag="980" ind1=" " ind2=" ">
   <subfield code="a">Thư viện Trường Đại học Nam Cần Thơ</subfield>
  </datafield>
 </record>
</collection>
